000 00327nam a2200121Ia 4500
008 220204s9999 xx 000 0 und d
082 _a332.64
_bPAR
100 _aParks, John A
245 0 _aPrinciples and practice of valuations: Land and houses
250 _aEd.4
260 _aCalcutta
_bEastern Law House
_c1977
942 _cBK
999 _c29439
_d29439